|
|
|
|
| LEADER |
00000nam a2200000 i 4500 |
| 001 |
1/96427 |
| 008 |
970120s1992 eng d |
| 020 |
|
|
|a 0-582-09270-1
|
| 035 |
|
|
|l 10010177
|
| 040 |
|
|
|a GR-MY-UA
|b gre
|e aacr
|
| 041 |
0 |
|
|a eng
|
| 082 |
0 |
|
|a 383.145
|
| 100 |
1 |
|
|a Raper, Jonathan.
|
| 245 |
1 |
0 |
|a Postcodes :
|b the new geography /
|c J. F. Raper; D. W. Rhind; J. W. Shepherd
|
| 260 |
|
|
|a Essex :
|b Longman,
|c 1992
|
| 300 |
|
|
|a 322 p.
|b fig.; tables
|
| 504 |
|
|
|a Includes bibliographical references and index.
|
| 650 |
0 |
0 |
|a Zip codes
|z Great Britain.
|
| 700 |
1 |
|
|a Rhind, David.
|
| 700 |
1 |
|
|a Shepherd, John.
|
| 852 |
|
|
|a INST
|b LESVOS
|e 19980220
|h 383.145 RAP
|p 005100006331
|q 005100006331
|t BK
|y 0
|
| 852 |
|
|
|a INST
|b LESVOS
|e 19970120
|h 383.145 RAP
|p 005100012521
|q 005100012521
|t BK
|y 0
|
| 909 |
|
|
|a Λ
|b 038367
|
| 909 |
|
|
|a Λ
|b 031617
|
| 922 |
|
|
|a 1ΕΛΗ
|b 199310
|c 5/ΜΠΕΛΛΟΣ
|
| 922 |
|
|
|a 1ΕΛΗ
|b 199412
|c ΡΕΝΤΖΟΣ
|
| 950 |
|
|
|a 169-1994-09-06
|